000
00173nam a22000977a 4500
041
_a
eng
080
_a
80
100
_a
Doyle, Robert
245
_a
Erdenergien
999
_c
282200
_d
282200
942
_c
BK